[Event "III Memorial Pedro Lezcano Montalvo 10"]
[Site "Gran Canaria (ESP)"]
[Date "2010.04.02"]
[Round "6.1"]
[White "Strikovic, Aleksa"]
[Black "Hernandez, Holden"]
[Result "1/2-1/2"]
[WhiteElo "2544"]
[BlackElo "2541"]
[PlyCount "160"]
[EventDate "2010.03.29"]
[EventType "swiss"]
[EventRounds "9"]
[EventCountry "ESP"]
[Source "Arranz, Pablo"]
[SourceDate "2010.03.29"]

1. Nf3 Nf6 2. g3 b6 3. Bg2 Bb7 4. O-O e6 5. d3 d5 6. Nbd2 Be7 7. e4 dxe4 8.
dxe4 O-O 9. Qe2 c5 10. e5 Nfd7 11. Nc4 Nc6 12. Rd1 Qc7 13. Bf4 Rad8 14. c3 Ba6
15. Qe4 Bb7 16. Qe3 Na5 17. Nxa5 bxa5 18. c4 Nb6 19. Qc3 Rxd1+ 20. Rxd1 Rd8 21.
Rxd8+ Qxd8 22. Nd2 Bxg2 23. Kxg2 a4 24. Be3 Qa8+ 25. f3 Qb7 26. Kf2 Nd7 27. Ne4
f5 28. exf6 gxf6 29. b3 axb3 30. Qxb3 Qxb3 31. axb3 h5 32. Ke2 Kf7 33. Nc3 a6
34. g4 Kg6 35. h3 f5 36. Na4 Bd6 37. Nb2 hxg4 38. hxg4 fxg4 39. fxg4 Ne5 40.
Nd3 Nxg4 41. Bxc5 Bc7 42. Nb4 a5 43. Nc6 Kf5 44. Bd4 Ke4 45. Bc3 a4 46. bxa4
Ne3 47. c5 Nf5 48. Nb4 Nd4+ 49. Bxd4 Kxd4 50. Na6 Ba5 51. c6 Kc4 52. Ke3 Kb3
53. Nc5+ Kb4 54. Nxe6 Kxa4 55. Kd4 Kb5 56. Kd5 Ka6 57. Kd6 Ka7 58. Kd7 Kb8 59.
Nc5 Bb6 60. Na6+ Ka7 61. Nc7 Ba5 62. Ne8 Ka8 63. Nd6 Kb8 64. Nc4 Bc7 65. Na3
Bb6 66. Nb5 Ba5 67. Nc3 Bb6 68. Nd5 Ba5 69. Nb4 Bb6 70. Na6+ Ka7 71. Nc7 Kb8
72. Ne8 Ba5 73. Ng7 Bb6 74. Ne6 Ba5 75. Nd8 Bb6 76. Nb7 Bc7 77. Nc5 Bb6 78.
Na6+ Ka7 79. Nb4 Kb8 80. Nd5 Ba5 1/2-1/2

[Event "III Memorial Pedro Lezcano Montalvo 10"]
[Site "Gran Canaria (ESP)"]
[Date "2010.04.02"]
[Round "6.2"]
[White "Kurajica, Bojan"]
[Black "Vega Gutierrez, Belinda Vidina"]
[Result "1-0"]
[WhiteElo "2525"]
[BlackElo "2233"]
[PlyCount "69"]
[EventDate "2010.03.29"]
[EventType "swiss"]
[EventRounds "9"]
[EventCountry "ESP"]
[Source "Arranz, Pablo"]
[SourceDate "2010.03.29"]

1. d4 Nf6 2. Nf3 g6 3. g3 Bg7 4. Bg2 O-O 5. O-O d6 6. c4 Nc6 7. d5 Na5 8. Nbd2
c5 9. e4 Bg4 10. Qc2 a6 11. Rb1 b5 12. b3 Rb8 13. Bb2 e5 14. dxe6 Bxe6 15. Ng5
Bd7 16. cxb5 axb5 17. Rbd1 h6 18. e5 dxe5 19. Ngf3 Qb6 20. Bxe5 Rbd8 21. b4 Nb7
22. bxc5 Qa6 23. Nb3 Bf5 24. Qb2 Rc8 25. Nh4 Bg4 26. Bxb7 Qxb7 27. Bxf6 Bxf6
28. Qxf6 Bxd1 29. Rxd1 Rc6 30. Qf3 Qc7 31. Ng2 Ra6 32. Ne3 Rxa2 33. Nd5 Qa7 34.
Nf6+ Kg7 35. Qc3 1-0

[Event "III Memorial Pedro Lezcano Montalvo 10"]
[Site "Gran Canaria (ESP)"]
[Date "2010.04.02"]
[Round "6.3"]
[White "Perez Aleman, Pedro Tomys"]
[Black "Barlov, Dragan"]
[Result "0-1"]
[WhiteElo "2094"]
[BlackElo "2487"]
[PlyCount "122"]
[EventDate "2010.03.29"]
[EventType "swiss"]
[EventRounds "9"]
[EventCountry "ESP"]
[Source "Arranz, Pablo"]
[SourceDate "2010.03.29"]

1. e4 c5 2. Nf3 e6 3. d4 cxd4 4. Nxd4 a6 5. c4 Qb6 6. Nb3 Qc7 7. a3 Nf6 8. Nc3
d6 9. Be3 b6 10. Be2 Bb7 11. f3 Nbd7 12. Rc1 Be7 13. O-O O-O 14. Kh1 Rac8 15.
Nd2 Rfe8 16. b4 Qb8 17. Na4 Bd8 18. Bg1 Bc6 19. Nb2 Be7 20. Nb3 Qa8 21. Qd2 h6
22. Rc2 Qb8 23. Rb1 Ba8 24. a4 d5 25. exd5 exd5 26. c5 a5 27. Ba6 Bb7 28. Bb5
Qa8 29. Rbc1 bxc5 30. bxc5 Bc6 31. Nxa5 Nb8 32. Nd3 Bd8 33. Nb3 Nh5 34. f4 Nf6
35. Ne5 Bc7 36. Bd4 Ne4 37. Qd1 Bxb5 38. axb5 f6 39. Nd3 Qa4 40. b6 Qxb3 41.
bxc7 Nc6 42. Bg1 d4 43. Nf2 Rxc7 44. Nxe4 Rxe4 45. Qg4 Qd5 46. Rd2 Kh7 47. Qf3
f5 48. Rb1 Qxc5 49. g4 Qd6 50. Rf2 Qe6 51. gxf5 Qxf5 52. Rb5 Qe6 53. f5 Qe8 54.
f6 gxf6 55. Qf5+ Qg6 56. Qd5 Rg4 57. Rf1 Rg7 58. Bf2 Rg5 59. Qxc6 Rxb5 60. Bxd4
Rb1 61. Qf3 Rxf1+ 0-1

[Event "III Memorial Pedro Lezcano Montalvo 10"]
[Site "Gran Canaria (ESP)"]
[Date "2010.04.02"]
[Round "6.4"]
[White "Hernando Rodrigo, Jose Maria"]
[Black "Machin Arbelo, Pedro Alexis"]
[Result "1/2-1/2"]
[WhiteElo "2331"]
[BlackElo "2043"]
[PlyCount "168"]
[EventDate "2010.03.29"]
[EventType "swiss"]
[EventRounds "9"]
[EventCountry "ESP"]
[Source "Arranz, Pablo"]
[SourceDate "2010.03.29"]

1. d4 e6 2. c4 Nf6 3. Nc3 Bb4 4. e3 d5 5. a3 Bxc3+ 6. bxc3 O-O 7. cxd5 exd5 8.
Bd3 Re8 9. Ne2 c5 10. O-O b6 11. Ng3 Ba6 12. Bxa6 Nxa6 13. f3 Nc7 14. Qd3 cxd4
15. cxd4 Ne6 16. Bb2 Rc8 17. Rad1 Qc7 18. Rc1 Qd7 19. Rxc8 Rxc8 20. e4 Qa4 21.
e5 Qc2 22. Qb5 Qd2 23. Rf2 Qd1+ 24. Nf1 Nh5 25. Rd2 Qb1 26. a4 Nhf4 27. g3 Ng6
28. f4 Rc2 29. Rxc2 Qxc2 30. f5 Qxf5 31. Qxd5 h6 32. Qg2 Ng5 33. Qe2 Nh3+ 34.
Kh1 Nf2+ 35. Kg2 Nd3 36. Kg1 Ne7 37. Bc3 Nc1 38. Qd2 Nd3 39. Ba1 Nd5 40. Qg2
N3b4 41. Qd2 Qb1 42. Bc3 Na2 43. Bb2 Nab4 44. Qe2 Qa2 45. e6 fxe6 46. Qxe6+ Kh7
47. Qe4+ Kg8 48. Bc1 Qxa4 49. Bd2 a5 50. Ne3 Nxe3 51. Bxe3 Qd1+ 52. Kg2 Qc2+
53. Kf3 Qd1+ 54. Kf4 Qf1+ 55. Kg4 Qe2+ 56. Kh3 Qh5+ 57. Kg2 Qd5 58. Kf3 Kf7 59.
Bd2 Qxe4+ 60. Kxe4 Ke6 61. g4 Nd5 62. Kd3 Nf6 63. Kc4 b5+ 64. Kxb5 Nxg4 65. Kc6
Nf6 66. Bxa5 Nd5 67. Bd8 Nb4+ 68. Kc5 Nd3+ 69. Kc4 Nf4 70. Bc7 Nd5 71. Ba5 Kd6
72. Bd8 Ne3+ 73. Kd3 Ng4 74. Bh4 Kd5 75. h3 g5 76. Bg3 Nf6 77. Bc7 Ne4 78. Ke3
Nc3 79. Bd8 Nd1+ 80. Ke2 Nc3+ 81. Kd3 Ne4 82. Ke3 Nd6 83. Bf6 Nf5+ 84. Kd3 Nh4
1/2-1/2

[Event "III Memorial Pedro Lezcano Montalvo 10"]
[Site "Gran Canaria (ESP)"]
[Date "2010.04.02"]
[Round "6.5"]
[White "Ortega Hermida, Daniel"]
[Black "Ramirez Medina, Oscar"]
[Result "1-0"]
[WhiteElo "2389"]
[BlackElo "1914"]
[PlyCount "87"]
[EventDate "2010.03.29"]
[EventType "swiss"]
[EventRounds "9"]
[EventCountry "ESP"]
[Source "Arranz, Pablo"]
[SourceDate "2010.03.29"]

1. d4 Nf6 2. c4 g6 3. Nc3 Bg7 4. e4 d6 5. Nf3 O-O 6. Be2 Nc6 7. O-O e5 8. d5
Ne7 9. Ne1 Ne8 10. Nd3 h6 11. Bd2 f5 12. f3 f4 13. c5 a5 14. cxd6 cxd6 15. Nf2
g5 16. Qb3 Rf7 17. Na4 Bd7 18. Nb6 a4 19. Qb4 Bf8 20. Nxa8 Qxa8 21. Rfc1 Rg7
22. Bb5 Qd8 23. Qxa4 Bxb5 24. Qxb5 b6 25. a4 h5 26. h3 Nf6 27. a5 g4 28. fxg4
hxg4 29. hxg4 Nxg4 30. Nxg4 Rxg4 31. Qe2 Rg7 32. a6 Ng6 33. a7 f3 34. a8=Q Qxa8
35. Rxa8 fxe2 36. Re1 Nh4 37. Rxe2 Nf3+ 38. Kf2 Nd4 39. Rxf8+ Kxf8 40. Bh6 Nxe2
41. Kxe2 Kf7 42. Bxg7 Kxg7 43. Kf3 Kg6 44. Kg4 1-0

[Event "III Memorial Pedro Lezcano Montalvo 10"]
[Site "Gran Canaria (ESP)"]
[Date "2010.04.02"]
[Round "6.6"]
[White "Gonzalez Intelangelo, Gerardo"]
[Black "Menvielle Lacourrelle, Augusto"]
[Result "1-0"]
[WhiteElo "2095"]
[BlackElo "2287"]
[PlyCount "63"]
[EventDate "2010.03.29"]
[EventType "swiss"]
[EventRounds "9"]
[EventCountry "ESP"]
[Source "Arranz, Pablo"]
[SourceDate "2010.03.29"]

1. Nf3 Nf6 2. d4 g6 3. g3 Bg7 4. Bg2 O-O 5. c4 d6 6. Nc3 Nc6 7. O-O Bd7 8. Qc2
a6 9. Rd1 Rb8 10. d5 Na5 11. Nd2 c5 12. b3 b5 13. Bb2 Qc7 14. Rab1 bxc4 15.
bxc4 Ng4 16. Ba1 Ne5 17. Nce4 e6 18. f4 exd5 19. cxd5 Ng4 20. Bxg7 Rxb1 21.
Rxb1 Kxg7 22. Qc3+ f6 23. h3 Nh6 24. g4 Ng8 25. Nxf6 Nxf6 26. Ne4 Bf5 27. gxf5
gxf5 28. Ng5 Re8 29. Ne6+ Rxe6 30. dxe6 Nc6 31. Qg3+ Kf8 32. Qg5 1-0

[Event "III Memorial Pedro Lezcano Montalvo 10"]
[Site "Gran Canaria (ESP)"]
[Date "2010.04.02"]
[Round "6.7"]
[White "Cruz Pino, Adrian"]
[Black "Alvarado Ascanio, Francisco"]
[Result "1/2-1/2"]
[WhiteElo "1808"]
[BlackElo "2230"]
[PlyCount "58"]
[EventDate "2010.03.29"]
[EventType "swiss"]
[EventRounds "9"]
[EventCountry "ESP"]
[Source "Arranz, Pablo"]
[SourceDate "2010.03.29"]

1. e4 e6 2. d4 d5 3. exd5 exd5 4. Bd3 Nc6 5. c3 Bd6 6. h3 Qf6 7. Qf3 Qxf3 8.
Nxf3 Nge7 9. Nbd2 Bf5 10. Bxf5 Nxf5 11. Nf1 O-O-O 12. g4 Rde8+ 13. Kd1 Nfe7 14.
Ne3 f6 15. Nh4 g6 16. Bd2 Nd8 17. Kc2 Nf7 18. Rae1 c6 19. Neg2 Kd7 20. f4 b6
21. Rhf1 c5 22. dxc5 bxc5 23. f5 g5 24. Nf3 Nc8 25. Rxe8 Rxe8 26. Re1 Ne5 27.
Nxe5+ Bxe5 28. b3 Nb6 29. Re2 Re7 1/2-1/2

[Event "III Memorial Pedro Lezcano Montalvo 10"]
[Site "Gran Canaria (ESP)"]
[Date "2010.04.02"]
[Round "6.8"]
[White "Gonzalez Garcia, Guillermo"]
[Black "Alvarado Diaz, Alejandro"]
[Result "0-1"]
[WhiteElo "2217"]
[BlackElo "1935"]
[Annotator "Arranz,Pablo"]
[PlyCount "124"]
[EventDate "2010.03.29"]
[EventType "swiss"]
[EventRounds "9"]
[EventCountry "ESP"]
[Source "Arranz, Pablo"]
[SourceDate "2010.03.29"]

1. Nf3 Nf6 2. c4 g6 3. b3 Bg7 4. Bb2 d6 5. d4 Nbd7 6. d5 O-O 7. g3 a5 8. Bg2
Nc5 9. O-O h6 10. Nd4 Re8 11. Nc3 e5 12. dxe6 Nxe6 13. Ndb5 Nc5 14. Qd2 Bg4 15.
f3 Bd7 16. e4 Bc6 17. Rad1 b6 18. Rfe1 Qd7 19. Qf2 Qc8 20. h4 h5 21. Kh1 Qb7
22. Nd4 Bd7 23. Rd2 Rad8 24. Ree2 Qc8 $11 25. Qf1 Re7 26. Rd1 Rf8 27. Rc2 Rd8
28. Bc1 Rf8 29. a3 Ree8 30. Be3 Qb8 31. b4 axb4 32. axb4 Na6 33. Rb1 c5 34.
bxc5 dxc5 35. Bf4 Qb7 36. Ndb5 Re6 37. Rd2 Bxb5 38. Nxb5 Nb4 39. Rbd1 Nc6 40.
Bh3 Ree8 41. Bd6 Ra8 42. Bxf8 Bxf8 43. Ra1 Na5 44. Raa2 Ne8 45. e5 Qc6 46. Kh2
Nc7 47. Bd7 Qb7 48. Nxc7 Qxc7 49. Qe2 Be7 50. f4 Rd8 51. Ba4 Rd4 52. Rxd4 cxd4
53. Qe4 Qxc4 54. Re2 Qxa4 55. f5 Qc6 56. Qxd4 gxf5 57. Qf2 Qe6 58. Qf3 Nc6 59.
Rc2 Nd4 60. Qa8+ Kg7 61. Rc8 Qxe5 62. Rh8 Qe2+ 0-1

[Event "III Memorial Pedro Lezcano Montalvo 10"]
[Site "Gran Canaria (ESP)"]
[Date "2010.04.02"]
[Round "6.9"]
[White "Rodriguez Ferraz, Borja"]
[Black "Herrera Reyes, Jose Antonio"]
[Result "0-1"]
[WhiteElo "2037"]
[BlackElo "2119"]
[PlyCount "68"]
[EventDate "2010.03.29"]
[EventType "swiss"]
[EventRounds "9"]
[EventCountry "ESP"]
[Source "Arranz, Pablo"]
[SourceDate "2010.03.29"]

1. d4 d5 2. c4 c6 3. cxd5 cxd5 4. Nc3 Nc6 5. Nf3 e6 6. Bf4 Nf6 7. e3 a6 8. Rc1
Be7 9. Bd3 Nh5 10. Bg3 Nxg3 11. hxg3 h6 12. Bb1 Bf6 13. O-O g6 14. Na4 O-O 15.
Nc5 Bg7 16. Qd2 Qd6 17. Rfd1 b6 18. Nd3 Bb7 19. Nf4 Rfd8 20. Ne2 a5 21. Nh2 a4
22. f4 Ba6 23. Nc3 b5 24. a3 Na5 25. Ne4 Qb6 26. Nc5 Nc4 27. Qf2 Rac8 28. Nxa6
Qxa6 29. Bd3 Qb6 30. Bxc4 bxc4 31. Qc2 Rb8 32. Rb1 Qb3 33. Qxb3 Rxb3 34. Kf2
Rdb8 0-1

[Event "III Memorial Pedro Lezcano Montalvo 10"]
[Site "Gran Canaria (ESP)"]
[Date "2010.04.02"]
[Round "6.10"]
[White "Acosta Sosa, Juan Manuel"]
[Black "Cabrera Trujillo, Jorge"]
[Result "1/2-1/2"]
[WhiteElo "2023"]
[BlackElo "2370"]
[PlyCount "36"]
[EventDate "2010.03.29"]
[EventType "swiss"]
[EventRounds "9"]
[EventCountry "ESP"]
[Source "Arranz, Pablo"]
[SourceDate "2010.03.29"]

1. d4 d5 2. c4 c6 3. Nc3 Nf6 4. Nf3 e6 5. cxd5 exd5 6. Bg5 Be7 7. e3 Bf5 8. Bd3
Bxd3 9. Qxd3 O-O 10. O-O Re8 11. Rab1 a5 12. a3 Nbd7 13. Rfc1 Ne4 14. Bxe7 Qxe7
15. Na4 g5 16. Nd2 f5 17. Nxe4 fxe4 18. Qe2 Kg7 1/2-1/2

[Event "III Memorial Pedro Lezcano Montalvo 10"]
[Site "Gran Canaria (ESP)"]
[Date "2010.04.02"]
[Round "6.11"]
[White "Almeida Sanchez, Ciriaco"]
[Black "Vega Gutierrez, Sabrina Neide"]
[Result "0-1"]
[WhiteElo "2002"]
[BlackElo "2314"]
[PlyCount "58"]
[EventDate "2010.03.29"]
[EventType "swiss"]
[EventRounds "9"]
[EventCountry "ESP"]
[Source "Arranz, Pablo"]
[SourceDate "2010.03.29"]

1. e4 c5 2. Na3 Nc6 3. c3 Nf6 4. d3 g6 5. Nf3 d6 6. Bg5 Bg7 7. Be2 h6 8. Bxf6
Bxf6 9. O-O O-O 10. Nc2 d5 11. Ne3 d4 12. Nd5 Bg7 13. c4 f5 14. b4 cxb4 15. a3
bxa3 16. Qb3 e6 17. Nb4 Qb6 18. Rfb1 Qxb4 19. Qxb4 Nxb4 20. Rxb4 Rd8 21. c5 Bf8
22. Rc4 b6 23. Rxa3 Bxc5 24. Ra1 a5 25. Ne5 Ba6 26. Rcc1 Rac8 27. Nc4 Bxc4 28.
dxc4 d3 29. Bd1 Rd4 0-1

[Event "III Memorial Pedro Lezcano Montalvo 10"]
[Site "Gran Canaria (ESP)"]
[Date "2010.04.02"]
[Round "6.12"]
[White "Martin Hernandez, Ruben"]
[Black "Natalicchio Escalante, Nicolas"]
[Result "1-0"]
[WhiteElo "1998"]
[BlackElo "2257"]
[PlyCount "77"]
[EventDate "2010.03.29"]
[EventType "swiss"]
[EventRounds "9"]
[EventCountry "ESP"]
[Source "Arranz, Pablo"]
[SourceDate "2010.03.29"]

1. d4 Nf6 2. c4 e6 3. g3 Bb4+ 4. Bd2 Qe7 5. Bg2 Nc6 6. a3 Bxd2+ 7. Qxd2 O-O 8.
Nf3 d6 9. O-O e5 10. d5 Nb8 11. Nc3 a5 12. b4 Na6 13. Ne1 Bd7 14. Rb1 axb4 15.
axb4 Rab8 16. e4 c5 17. dxc6 bxc6 18. Nd3 Nc7 19. Rfd1 Ne6 20. h3 Nd4 21. Ne2
c5 22. f4 exf4 23. Nxd4 cxd4 24. Qxf4 Rfe8 25. Re1 Be6 26. e5 dxe5 27. Nxe5 Nh5
28. Qxd4 Bf5 29. Rbc1 Qxb4 30. g4 f6 31. Bd5+ Be6 32. Nc6 Qa3 33. Rc3 Rb3 34.
Bxe6+ Rxe6 35. Qd8+ Kf7 36. Qd7+ Kg6 37. Qxe6 Rxc3 38. Qf5+ Kf7 39. Qxh5+ 1-0

[Event "III Memorial Pedro Lezcano Montalvo 10"]
[Site "Gran Canaria (ESP)"]
[Date "2010.04.02"]
[Round "6.13"]
[White "Lopez Colon, Francisco"]
[Black "Rodriguez Perez, David"]
[Result "1-0"]
[WhiteElo "2245"]
[BlackElo "2032"]
[PlyCount "71"]
[EventDate "2010.03.29"]
[EventType "swiss"]
[EventRounds "9"]
[EventCountry "ESP"]
[Source "Arranz, Pablo"]
[SourceDate "2010.03.29"]

1. d4 Nf6 2. c4 e6 3. Nc3 Bb4 4. Qc2 c5 5. dxc5 Bxc5 6. Nf3 Qb6 7. e3 Qc7 8. a3
a6 9. Bd3 b6 10. e4 Bb7 11. Bg5 h6 12. Bh4 Nc6 13. Qe2 Nd4 14. Nxd4 Bxd4 15.
O-O Qc6 16. Rfe1 O-O-O 17. Kh1 g5 18. Bg3 h5 19. h4 Ng4 20. f3 Be5 21. Bxe5
Nxe5 22. hxg5 Rdg8 23. f4 Nxd3 24. Qxd3 e5 25. Nd5 Re8 26. f5 Qd6 27. Rac1 Bxd5
28. cxd5+ Kb7 29. Rc3 Rc8 30. Rec1 Rxc3 31. Rxc3 Rg8 32. Qd2 Qe7 33. d6 Qxg5
34. Rc7+ Kb8 35. Qxg5 Rxg5 36. Rxd7 1-0

[Event "III Memorial Pedro Lezcano Montalvo 10"]
[Site "Gran Canaria (ESP)"]
[Date "2010.04.02"]
[Round "6.14"]
[White "Capote Robayna, Nathaniel"]
[Black "Morales Camacho, Julian"]
[Result "0-1"]
[WhiteElo "1933"]
[BlackElo "2240"]
[PlyCount "118"]
[EventDate "2010.03.29"]
[EventType "swiss"]
[EventRounds "9"]
[EventCountry "ESP"]
[Source "Arranz, Pablo"]
[SourceDate "2010.03.29"]

1. d4 Nf6 2. c4 e6 3. Nc3 d5 4. cxd5 exd5 5. Bg5 Nbd7 6. e3 Be7 7. Bd3 c6 8.
Nge2 O-O 9. Qc2 Re8 10. O-O Nf8 11. Rae1 Nh5 12. Bxe7 Rxe7 13. Nd1 g6 14. f3
Ne6 15. Ndc3 b6 16. Qd2 Bb7 17. Bc2 c5 18. Rd1 Nf6 19. Bb3 Nc7 20. Nf4 Rd7 21.
Ba4 Re7 22. Nd3 Qd6 23. Nb5 Nxb5 24. Bxb5 c4 25. Ne5 a6 26. Ba4 b5 27. Bc2 Nd7
28. f4 Rae8 29. Rf3 f6 30. Ng4 h5 31. Nh6+ Kh7 32. Rg3 Re4 33. Nf7 Qe7 34. Bxe4
dxe4 35. Ng5+ fxg5 36. Rxg5 Qf6 37. Qf2 Nb6 38. Qh4 Nd5 39. Re1 Re7 40. g4 Kg8
41. f5 Rg7 42. fxg6 Rxg6 43. Rxg6+ Qxg6 44. Qxh5 Qxh5 45. gxh5 b4 46. Kf2 c3
47. bxc3 Nxc3 48. Rg1+ Kh7 49. Rg6 a5 50. Rb6 Bd5 51. Ra6 a4 52. Rb6 Nxa2 53.
Ke2 a3 54. Kd2 Bc4 55. Rc6 Bb3 56. Rb6 Nc3 57. Rxb4 a2 58. Rb7+ Kh6 59. Ra7 Na4
0-1

[Event "III Memorial Pedro Lezcano Montalvo 10"]
[Site "Gran Canaria (ESP)"]
[Date "2010.04.02"]
[Round "7.1"]
[White "Hernandez, Holden"]
[Black "Kurajica, Bojan"]
[Result "0-1"]
[WhiteElo "2541"]
[BlackElo "2525"]
[PlyCount "143"]
[EventDate "2010.03.29"]
[EventType "swiss"]
[EventRounds "9"]
[EventCountry "ESP"]
[Source "Arranz, Pablo"]
[SourceDate "2010.03.29"]

1. d4 Nf6 2. c4 e6 3. g3 d5 4. Nf3 Bb4+ 5. Bd2 a5 6. Bg2 dxc4 7. O-O Nc6 8. Bg5
h6 9. Bxf6 Qxf6 10. a3 Bd6 11. Qa4 O-O 12. Qxc4 e5 13. d5 Na7 14. Nc3 Qe7 15.
Rac1 f5 16. Nh4 Qe8 17. e4 b5 18. Qd3 b4 19. axb4 axb4 20. Ne2 Qb5 21. Qd2 Ba6
22. Rfe1 fxe4 23. Bxe4 Qb6 24. Qe3 Qxe3 25. fxe3 Bc8 26. Kg2 Bd7 27. h3 Nc8 28.
Ng6 Rf6 29. g4 Ra2 30. Rb1 Nb6 31. Nc1 Ra8 32. b3 Be8 33. Nh4 Bf7 34. Nf3 Nxd5
35. g5 hxg5 36. Nxg5 Ra5 37. Bh7+ Kh8 38. Bd3 Nc3 39. Nxf7+ Rxf7 40. Rb2 e4 41.
Bc4 Rf3 42. Be6 Rg5+ 43. Kh1 Rgg3 44. Bg4 Rxe3 45. Rxe3 Rxe3 46. Kg2 Nd5 47.
Ne2 Rd3 48. Be6 Ne3+ 49. Kg1 Bc5 50. Kh2 Rd6 51. Bc8 Rf6 52. Ng1 Nd1 53. Rd2
Ne3 54. Ra2 Bd6+ 55. Kh1 Kh7 56. Re2 Bc5 57. Bb7 Rf4 58. Re1 Rh4 59. Kh2 Kg6
60. Ne2 Bd6+ 61. Kg1 Kf6 62. Kf2 Nf5 63. Kg2 Be5 64. Rf1 g6 65. Re1 g5 66. Rf1
Bf4 67. Ra1 Bd6 68. Ra8 Ne3+ 69. Kf2 Rxh3 70. Bxe4 Ng4+ 71. Kg2 Re3 72. Bd5 0-1

[Event "III Memorial Pedro Lezcano Montalvo 10"]
[Site "Gran Canaria (ESP)"]
[Date "2010.04.02"]
[Round "7.2"]
[White "Vega Gutierrez, Belinda Vidina"]
[Black "Strikovic, Aleksa"]
[Result "0-1"]
[WhiteElo "2233"]
[BlackElo "2544"]
[PlyCount "52"]
[EventDate "2010.03.29"]
[EventType "swiss"]
[EventRounds "9"]
[EventCountry "ESP"]
[Source "Arranz, Pablo"]
[SourceDate "2010.03.29"]

1. e4 c5 2. Nf3 e6 3. d4 cxd4 4. Nxd4 a6 5. Bd3 Nf6 6. f4 d6 7. Nc3 g6 8. Qf3
Bg7 9. Nb3 Nbd7 10. Be3 Qc7 11. O-O O-O 12. Rad1 Re8 13. a4 b6 14. Nd2 Bb7 15.
Qh3 Nc5 16. Rde1 Rac8 17. Qh4 Qc6 18. Bd4 Nfxe4 19. Bxg7 Nxd2 20. Rf2 Qxg2+ 21.
Rxg2 Nf3+ 22. Kf2 Nxh4 23. Rg4 Kxg7 24. Rxh4 Nxd3+ 25. cxd3 Rc5 26. Rg4 Rec8
0-1

[Event "III Memorial Pedro Lezcano Montalvo 10"]
[Site "Gran Canaria (ESP)"]
[Date "2010.04.02"]
[Round "7.3"]
[White "Barlov, Dragan"]
[Black "Hernando Rodrigo, Jose Maria"]
[Result "1-0"]
[WhiteElo "2487"]
[BlackElo "2331"]
[PlyCount "93"]
[EventDate "2010.03.29"]
[EventType "swiss"]
[EventRounds "9"]
[EventCountry "ESP"]
[Source "Arranz, Pablo"]
[SourceDate "2010.03.29"]

1. Nf3 g6 2. e4 Bg7 3. d4 d6 4. Bc4 a6 5. O-O e6 6. Bb3 b6 7. c3 Bb7 8. Qe2 Ne7
9. Rd1 Nd7 10. Nbd2 O-O 11. Nf1 Nc6 12. Ng3 h6 13. Bc2 Qe7 14. Be3 e5 15. d5
Ncb8 16. Qd2 Kh7 17. b4 Nf6 18. h3 Bc8 19. c4 Nxe4 20. Nxe4 f5 21. c5 bxc5 22.
bxc5 fxe4 23. Bxe4 Bf5 24. Qc2 Nd7 25. c6 Bxe4 26. Qxe4 Nf6 27. Qh4 Ng8 28. Qc4
Nf6 29. Rab1 Nh5 30. Qh4 Qxh4 31. Nxh4 Rab8 32. Rb7 Rfc8 33. Nf3 Nf6 34. Ne1
Ne4 35. Rd3 h5 36. f3 Nf6 37. Bg5 Rxb7 38. cxb7 Rb8 39. Bxf6 Bxf6 40. Rb3 Bg5
41. Nc2 Bd2 42. Na3 a5 43. Nc4 Bb4 44. Kf1 Bc5 45. Nxa5 Bb6 46. Nc6 Rxb7 47. a4
1-0

[Event "III Memorial Pedro Lezcano Montalvo 10"]
[Site "Gran Canaria (ESP)"]
[Date "2010.04.02"]
[Round "7.4"]
[White "Herrera Reyes, Jose Antonio"]
[Black "Ortega Hermida, Daniel"]
[Result "1-0"]
[WhiteElo "2119"]
[BlackElo "2389"]
[PlyCount "101"]
[EventDate "2010.03.29"]
[EventType "swiss"]
[EventRounds "9"]
[EventCountry "ESP"]
[Source "Arranz, Pablo"]
[SourceDate "2010.03.29"]

1. e4 c5 2. Nf3 e6 3. c3 d5 4. exd5 Qxd5 5. d4 Bd7 6. Be3 cxd4 7. cxd4 Nf6 8.
Be2 Bb5 9. O-O Bxe2 10. Qxe2 Bb4 11. a3 Ba5 12. b4 Bb6 13. Nc3 Qh5 14. d5 Bxe3
15. Qb5+ Nbd7 16. fxe3 exd5 17. Rad1 O-O 18. Nxd5 Kh8 19. Qxb7 Rfb8 20. Qc6 Rc8
21. Qd6 h6 22. e4 Qg4 23. Nc7 Rab8 24. e5 Rb6 25. Qe7 Rxc7 26. exf6 Rbb7 27.
fxg7+ Qxg7 28. Rc1 Qf6 29. Qe8+ Kg7 30. Rcd1 Nf8 31. Rd8 Qe7 32. Nd4 Qxe8 33.
Rxe8 Ng6 34. Nf5+ Kh7 35. Nd6 Rb6 36. Nxf7 Ra6 37. Re3 Re7 38. Rxe7 Nxe7 39.
Ne5 Nd5 40. Rf7+ Kg8 41. Rd7 Nc3 42. Nc4 Rc6 43. Na5 Rf6 44. g3 a6 45. Rc7 Nb5
46. Rc6 Rf3 47. a4 Nd4 48. Rxa6 Ra3 49. b5 Rxa4 50. b6 Ra2 51. b7 1-0

[Event "III Memorial Pedro Lezcano Montalvo 10"]
[Site "Gran Canaria (ESP)"]
[Date "2010.04.02"]
[Round "7.6"]
[White "Alvarado Diaz, Alejandro"]
[Black "Sanchez Quintero, Raul"]
[Result "1/2-1/2"]
[WhiteElo "1935"]
[BlackElo "2094"]
[PlyCount "29"]
[EventDate "2010.03.29"]
[EventType "swiss"]
[EventRounds "9"]
[EventCountry "ESP"]
[Source "Arranz, Pablo"]
[SourceDate "2010.03.29"]

1. d4 Nf6 2. Nf3 d5 3. c3 g6 4. Bg5 Ne4 5. Bf4 Bg7 6. Nbd2 O-O 7. e3 Bg4 8. Be2
Bxf3 9. Bxf3 Nxd2 10. Qxd2 c6 11. O-O Nd7 12. e4 dxe4 13. Bxe4 e5 14. dxe5 Nxe5
15. Qxd8 1/2-1/2

[Event "III Memorial Pedro Lezcano Montalvo 10"]
[Site "Gran Canaria (ESP)"]
[Date "2010.04.02"]
[Round "7.7"]
[White "Vega Gutierrez, Sabrina Neide"]
[Black "Perez Aleman, Pedro Tomys"]
[Result "1-0"]
[WhiteElo "2314"]
[BlackElo "2094"]
[PlyCount "97"]
[EventDate "2010.03.29"]
[EventType "swiss"]
[EventRounds "9"]
[EventCountry "ESP"]
[Source "Arranz, Pablo"]
[SourceDate "2010.03.29"]

1. e4 e5 2. Nf3 Nc6 3. Bb5 a6 4. Bxc6 dxc6 5. O-O f6 6. d4 exd4 7. Nxd4 c5 8.
Ne2 Qxd1 9. Rxd1 Bd7 10. Nbc3 O-O-O 11. Be3 b6 12. Rd2 Bc6 13. Rxd8+ Kxd8 14.
Nf4 Bd7 15. Nfd5 g5 16. f4 h6 17. e5 fxe5 18. fxg5 hxg5 19. Bxg5+ Kc8 20. Rf1
Bh6 21. h4 Be6 22. Ne3 Bxg5 23. hxg5 Rh4 24. Ncd5 Rh5 25. Rf8+ Kb7 26. g6 Rg5
27. Rf7 Rxg6 28. Rxc7+ Kb8 29. Rc6 Bf7 30. Rxg6 Bxg6 31. Nxb6 Nf6 32. Nbc4 Nd7
33. Kf2 Kc7 34. g4 Kc6 35. Kg3 Kb5 36. b3 Bh7 37. g5 Bg8 38. Kg4 Kb4 39. Kf5
Kc3 40. Nxe5 Nxe5 41. Kxe5 Kd2 42. Nd5 Kxc2 43. Kd6 Kb2 44. Kxc5 a5 45. Ne7 Be6
46. Nc6 Kxa2 47. Nxa5 Kb2 48. b4 Ka3 49. b5 1-0